[Event "84th Annual Southwest Open"]
[Site "Irving"]
[Date "2018.08.31"]
[Round "2"]
[White "Easton, Jack"]
[Black "Free, Graham"]
[Result "1/2-1/2"]
[WhiteElo "2262"]
[BlackElo "1926"]
[Annotator "TA"]
[PlyCount "80"]
[EventDate "2018.08.31"]
[EventType "swiss"]
[EventCountry "USA"]
[SourceTitle "playchess.com"]
[Source "ChessBase"]
[SourceQuality "1"]

{[%evp 20,80,5,0,18,-20,8,-23,0,-23,-20,-26,-16,-77,11,11,12,2,5,6,11,0,18,-29,-14,-16,-6,-6,10,12,11,-17,-14,-10,0,0,0,0,0,0,0,-47,-45,-45,-45,-53,-48,-48,-48,-58,-39,-52,33,32,32,32,29,27,37,0,0,0,37]} 1. d4 d5 2. c4 c6 3. Nc3 Nf6 4. e3 e6 5. Nf3 a6 6. Qc2 c5 7. cxd5 exd5 8. Bd3 Nc6 9. dxc5 Bxc5 10. a3 O-O 11. O-O Bg4 {D40: Queen's Gambit Declined: Semi-Tarrasch with 5 e3} (11... Bd6 12. h3 Be6 13. Ng5 h6 14. Nxe6 fxe6 15. f4 Rc8 16. Qe2 Bb8 17. Kh1 Qe8 18. Bd2 e5 19. Rae1 {1-0 (43) Hjartarson,J (2536)-Agrest,E (2584) chess.com INT 2018}) 12. Be2 Qe7 13. Rd1 $146 ({Predecessor:} 13. b4 Ba7 14. Bb2 Rac8 15. Qd2 Rfd8 16. Nd4 Nxd4 17. exd4 Bxe2 18. Nxe2 Bb8 19. Rac1 Bxh2+ 20. Kxh2 {1-0 (40) Machado,L (1620)-Padeiro,J (2210) Lisbon 2004}) 13... Rfd8 {Threatens to win with ...d4.Black has an edge.} 14. Nd4 (14. h3 {seems wilder.} Bh5 15. b4 d4 16. bxc5 Bg6 17. Qb2) 14... Bxd4 15. exd4 Bxe2 16. Nxe2 (16. Qxe2 $11 Qxe2 17. Nxe2) 16... Qe4 (16... Re8 $1 $17 17. Ng3 {[#]} Qe1+ $1 {[%mdl 512]} 18. Nf1 (18. Rxe1 $2 Rxe1+ 19. Nf1 Nxd4 $19) 18... Nxd4 $1 {[%mdl 512]} 19. Rxd4 Re2) 17. Qxe4 $11 Nxe4 18. f3 Nd6 19. Bf4 Nf5 20. Rac1 f6 21. Rc3 Re8 22. Kf2 g5 23. Bc1 Rac8 24. g4 Nd6 25. Ng3 Kf7 26. Rc5 b6 27. Rxd5 Ke6 28. Rxd6+ $1 Kxd6 29. Ne4+ Ke7 30. d5 {And now d6+ would win.} Ne5 31. Bd2 Rc2 32. Kg3 {Black should prevent Bb4+.} Rd8 ({Reject} 32... Rxb2 $6 33. Bb4+ Kf7 34. Nd6+ Kf8 35. Nxe8+ Kxe8 36. Re1 $11) 33. Bc3 h6 34. d6+ Ke6 35. Re1 Rxd6 (35... Rf8 $15) 36. Nxd6 $14 Kxd6 37. Re4 Kd5 38. Rd4+ Ke6 39. Re4 Kd5 40. Rd4+ Ke6 {Precision: White = 49%, Black = 36%.} 1/2-1/2

[Event "84th Annual Southwest Open"]
[Site "Irving"]
[Date "2018.08.31"]
[Round "2"]
[White "Daggupati, Balaji"]
[Black "Nakar, Eylon"]
[Result "0-1"]
[WhiteElo "2226"]
[BlackElo "2461"]
[Annotator "TA"]
[PlyCount "100"]
[EventDate "2018.08.31"]
[EventType "swiss"]
[EventCountry "USA"]
[SourceTitle "playchess.com"]
[Source "ChessBase"]
[SourceQuality "1"]

{[%evp 18,99,-22,-24,54,32,99,80,58,72,126,61,81,70,75,50,49,14,23,-137,-137,-201,-208,-202,-204,-258,-261,-266,-266,-260,-260,-263,-250,-264,-268,-256,-254,-325,-324,-315,-303,-328,-332,-328,-305,-361,-342,-472,-469,-465,-265,-265,-272,-259,-262,-258,-277,-281,0,-190,0,-260,-281,-268,-182,-174,-177,-193,-187,-309,-302,-325,-320,-552,-547,-538,-520,-29971,-29975,-29997,-29998,-29998,-29999,-29999]} 1. e4 e6 2. d4 d5 3. Nc3 Nf6 4. Bg5 dxe4 5. Nxe4 Be7 6. Bxf6 gxf6 7. Nf3 a6 8. Bc4 {C13: French: Classical System: 4 Bg5 Be7, Alekhine-Chatard Attack} b5 9. Bb3 f5 10. Ng3 {LiveBook: 5 Games. The position is equal.} Nc6 $146 (10... c5 $11 11. dxc5 Qxd1+ 12. Rxd1 Rg8) ({Predecessor:} 10... c5 11. c3 c4 12. Bc2 Bb7 13. Qe2 Nd7 14. O-O-O Nf6 15. Bxf5 exf5 16. Nxf5 {0-1 (41) Sulskis,S (2504)-Luther,T (2569) Kusadasi 2006}) 11. Qd2 Nb4 ({Black should play} 11... Nxd4 $14 12. Qxd4 (12. Nxd4 c5 $11) 12... Qxd4 13. Nxd4 c5) 12. Ne5 {Nh5 is the strong threat.} f6 13. Nf3 Qd6 (13... c5 $142) 14. Qh6 (14. a4 $16) 14... Bb7 $14 15. Qh5+ Kd7 {[%cal Be8d7,Bd7e6,Be6f7][%mdl 32]} 16. O-O-O {[#] Threatens to win with Ne5+!} Bd5 17. Kb1 a5 {[%cal Ba6a5,Ba5a4][%mdl 32] And now ...a4 would win.} 18. Nxf5 $2 (18. c3 $11 a4 19. Bxd5 Nxd5 20. Rc1) 18... exf5 $17 19. Qxf5+ (19. a3 $17 {keeps fighting.} Bxb3 20. cxb3) 19... Qe6 $1 $19 {[%cal Re6f5]} 20. Qxe6+ Kxe6 ({Don't take} 20... Bxe6 21. Ne5+ Kd6 22. Nf7+ Bxf7 23. Bxf7) 21. Rhe1+ Kf7 22. Nh4 a4 23. Bxd5+ Nxd5 24. Nf5 Rhe8 25. Nxe7 Rxe7 ({Resist} 25... Nxe7 26. c3 $19) 26. Rxe7+ Kxe7 {[%mdl 4096] Endgame KRN-KR} ({But not} 26... Nxe7 27. Rd3 $19) 27. Rd3 Kd6 28. Kc1 Re8 29. Kd2 Re4 30. c3 b4 31. cxb4 Nxb4 32. Rf3 Rxd4+ 33. Kc3 Ke5 (33... Kc5 $142 34. a3 Nd5+ 35. Kc2 Rh4) 34. Re3+ Kd5 35. a3 Nc6 36. Rh3 Rc4+ 37. Kd2 Rd4+ 38. Kc3 Rc4+ (38... Rg4 $142 39. g3 Rc4+ 40. Kd2 Nd4) 39. Kd2 Rg4 40. Rh5+ Kd6 41. g3 Rg5 42. Rxh7 Rb5 43. Kc2 (43. Kc1 {is the only way for White.}) 43... Nd4+ 44. Kc3 c5 {[%cal Bc7c5,Bc5c4][%mdl 32]} 45. Rf7 $2 (45. Rh5 {was the only defense.}) 45... Rb3+ 46. Kc4 Rxb2 47. Rxf6+ {[#]} (47. f3 $19 Rxh2 48. Rf8) 47... Ke5 {Black mates.} 48. Ra6 Rc2+ 49. Kd3 c4+ 50. Ke3 Re2# {Precision: White = 36%, Black = 66%.} 0-1

[Event "84th Annual Southwest Open"]
[Site "Irving"]
[Date "2018.08.31"]
[Round "2"]
[White "Cervantes Landeiro, Thalia"]
[Black "Wang, Justin"]
[Result "1/2-1/2"]
[WhiteElo "2172"]
[BlackElo "2391"]
[Annotator "TA"]
[PlyCount "69"]
[EventDate "2018.08.31"]
[EventType "swiss"]
[EventCountry "USA"]
[SourceTitle "playchess.com"]
[Source "ChessBase"]
[SourceQuality "1"]

{[%evp 22,69,30,10,7,0,0,0,20,20,55,55,64,56,60,62,77,72,83,82,96,83,106,68,70,70,72,69,78,54,82,67,67,60,70,55,79,76,68,62,113,113,118,79,146,146,133,139,135,109]} 1. d4 Nf6 2. c4 e6 3. Nc3 Bb4 4. Nf3 b6 5. e3 Bb7 6. Bd3 O-O 7. O-O d5 8. cxd5 exd5 9. a3 Bd6 10. b4 {[%cal Bb2b4,Bb4b5][%mdl 32]} a6 11. Qb3 Qe7 12. Re1 {LiveBook: 7 Games. E52: Nimzo-Indian: Rubinstein: 4...0-0 5 Nf3 d5 6 Bd3 b6} (12. Ra2 Nbd7 13. Re2 b5 14. a4 Bxb4 15. axb5 axb5 16. Nxb5 c6 17. Rb2 Ba5 18. Nc3 Ba6 19. Bxa6 Rxa6 {½-½ (34) Beliavsky,A (2602)-Navara,D (2742) Baku 2016}) 12... Re8 13. h3 Nbd7 14. Bb2 {The position is equal.} Rad8 $146 ({Predecessor:} 14... h6 15. Bf5 Rab8 16. Rad1 c5 17. Bxd7 c4 18. Qc2 Nxd7 19. Re2 b5 {1-0 (99) Kashlinskaya,A (2433)-Zaiatz,E (2401) Bilbao 2014}) 15. b5 a5 16. a4 Nf8 17. Ba3 Ne4 18. Ne5 Nxc3 19. Qxc3 f6 20. Nf3 g6 21. Rec1 Ne6 22. Nd2 (22. h4 {seems wilder.} Rc8 23. h5 f5 24. g3 Ng7 25. hxg6 hxg6 26. Kg2) 22... Rc8 23. Bxd6 Qxd6 24. Qb2 Ng5 25. Rc3 Kg7 26. Rac1 Re7 27. Qa3 Qd7 28. Nf1 {[%cal Bd2f1,Bf1g3,Bg3e2,Be2f4][%mdl 32]} Nf7 29. Ng3 {Black must now prevent Bf5!} Nd6 30. Ne2 Ree8 (30... Kh8 $14) 31. Nf4 $16 Qf7 32. R1c2 Ne4 ({Black should try} 32... Kh8) 33. Bxe4 $1 {White is clearly better.} Rxe4 34. Qc1 Re7 35. Rxc7 {Precision: White = 59%, Black = 35%.} 1/2-1/2

[Event "84th Annual Southwest Open"]
[Site "Irving"]
[Date "2018.08.31"]
[Round "2"]
[White "Vivekananthan, Anish"]
[Black "Berczes, David"]
[Result "0-1"]
[WhiteElo "2132"]
[BlackElo "2501"]
[Annotator "TA"]
[PlyCount "42"]
[EventDate "2018.08.31"]
[EventType "swiss"]
[EventCountry "USA"]
[SourceTitle "playchess.com"]
[Source "ChessBase"]
[SourceQuality "1"]

{[%evp 9,42,20,14,-68,15,8,22,0,5,9,9,8,23,-35,0,0,0,0,0,-76,-75,-100,-121,-73,-73,-157,-160,-298,-265,-584,-570,-1426,-1393,-6630,-3373]} 1. b3 e5 2. Bb2 Nc6 3. Nf3 d6 4. d4 e4 5. d5 Nce7 6. Ng1 $146 {A01: Nimzowitsch-Larsen Opening} (6. Ng5 $11) ({Predecessor:} 6. Ng5 e3 7. f4 Nf5 8. g3 Nf6 9. Qd3 Qe7 10. Nc3 g6 11. O-O-O Bg7 12. Bg2 {½-½ (22) Lovric,B (2369)-Timoscenko,G (2525) Opatija 2003}) 6... e3 (6... Nf6 $15) 7. fxe3 $11 Nf6 8. Nc3 {The position is equal.} g6 9. Qd3 Bg7 10. e4 O-O 11. Nf3 (11. Nh3 $11) 11... Re8 12. h3 a5 13. O-O-O a4 14. Nxa4 {[#]} (14. g4 $11) 14... b5 $1 $17 {[%cal Rb5a4,Bb7b5,Bb5b4][%mdl 32]} 15. Nc3 b4 16. Na4 Bd7 17. g4 ({Better is} 17. e5 Bf5 18. Qc4 dxe5 19. g4 (19. Bxe5 Nexd5 20. g4 Bh6+ 21. Kb2 Be4 $17)) 17... Bxa4 18. bxa4 (18. g5 $17 Bb5 19. Qxb5 Nxe4 20. Bxg7 Kxg7 21. Qxb4) 18... Rxa4 $19 19. Kb1 $2 (19. e5 {is a better chance.} Nfxd5 20. Qb3) 19... Qa8 {Black is clearly winning.} 20. Nd2 Rxa2 21. Nc4 {[#]} Nxe4 $1 {[%mdl 512] Precision: White = 26%, Black = 61%.} 0-1

[Event "84th Annual Southwest Open"]
[Site "Irving"]
[Date "2018.09.01"]
[Round "2"]
[White "Polavaram, Rithik"]
[Black "Sadorra, Julio Catalino"]
[Result "0-1"]
[WhiteElo "2108"]
[BlackElo "2555"]
[Annotator "TA"]
[PlyCount "88"]
[EventDate "2018.08.31"]
[EventType "swiss"]
[EventCountry "USA"]
[SourceTitle "playchess.com"]
[Source "ChessBase"]
[SourceQuality "1"]

{[%evp 22,88,36,0,10,0,55,6,10,11,24,12,43,0,0,0,10,16,39,36,65,27,29,0,0,-32,-17,-15,-11,-7,-10,-16,0,-15,0,0,0,0,0,0,0,0,0,0,0,0,0,0,0,-19,0,-152,-160,-483,-448,-465,-458,-438,-482,-455,-455,-529,-520,-708,-692,-979,-991,-4906,-3359]} 1. d4 d5 2. c4 e6 3. Nc3 c6 4. e3 Nf6 5. Nf3 Nbd7 6. Qc2 Bd6 7. Bd3 O-O 8. O-O dxc4 9. Bxc4 e5 10. Rd1 Qc7 11. h3 {D46: Damengambit (Halbslawisch)} h6 12. e4 {LiveBook: 4 Partien} (12. a3 Re8 13. Ba2 a6 14. b4 exd4 15. Nxd4 Nb6 16. Bb2 Qe7 17. Rd2 Bc7 18. Nf5 Bxf5 19. Qxf5 {½-½ (53) Parligras,M (2603)-Delchev,A (2588) Konya 2017}) 12... exd4 13. Nxd4 {Die Stellung ist ausgeglichen.} Nc5 $146 ({Günstiger ist} 13... Re8 $11) ({Vorgänger:} 13... Re8 14. Nf5 Bf8 15. Nb5 Qe5 16. Nbd6 Bxd6 17. Nxd6 Rf8 18. Be3 Nb6 {1-0 (39) Pustovoitova,D (2382)-Girya,O (2482) Tbilisi 2018}) 14. b4 Ne6 15. Nxe6 Bxe6 16. Bxe6 fxe6 17. Qb3 Be5 18. Bb2 Qf7 {Weiss muss nun ...Sg4! beachten.} 19. f3 Rae8 20. Ne2 Bb8 {Schwarz will ...Sxe4 spielen.} 21. Qe3 Qc7 22. f4 e5 23. f5 Qb6 24. Qxb6 axb6 25. Ng3 b5 26. Kf2 Rd8 27. Kf3 Nd7 28. a4 bxa4 29. Rxa4 Nb6 30. Raa1 $1 Nc4 $36 {[%mdl 2048] Schwarz hat gut koordiniertes Spiel.} 31. Bc3 Bc7 32. Ne2 Bb6 33. g4 Kf7 34. Rab1 Rfe8 35. Ra1 Be3 36. Rab1 $2 {[#]} (36. h4 $11) 36... Bd2 $17 {Droht stark ...Td3+.} 37. Ra1 $2 (37. Kf2 $17 {ist zäher.}) 37... Rd3+ $19 {Schwarz steht klar auf Gewinn.} 38. Kf2 Bxc3 39. Rxd3 Bxa1 40. Rd7+ Re7 41. Rd1 {[#]} Bd4+ $1 42. Nxd4 Rd7 43. Ke2 exd4 44. Kd3 Nb2+ {Precision: Weiß = 46%, Schwarz = 51%.} 0-1

[Event "84th Annual Southwest Open"]
[Site "Irving"]
[Date "2018.08.31"]
[Round "2"]
[White "Hung, Daniel"]
[Black "Guo, Arthur"]
[Result "0-1"]
[WhiteElo "2104"]
[BlackElo "2283"]
[Annotator "TA"]
[PlyCount "76"]
[EventDate "2018.08.31"]
[EventType "swiss"]
[EventCountry "USA"]
[SourceTitle "playchess.com"]
[Source "ChessBase"]
[SourceQuality "1"]

{[%evp 17,76,-30,-26,-31,-22,-17,0,-8,0,-11,-1,-3,-3,-5,6,-25,-9,-7,26,-8,-14,-20,-26,-41,-40,-52,-48,-65,-62,-66,-60,-69,-65,-65,-64,-68,-52,-67,-48,-72,-65,-113,-122,-151,-148,-244,-247,-269,-260,-252,-268,-262,-250,-340,-258,-891,-893,-858,-842,-1045,-1033]} 1. e4 c5 2. Nc3 Nc6 3. Bb5 Nd4 4. Nf3 a6 5. Bc4 (5. Bd3 Nc6 6. Be2 e5 7. O-O Nf6 8. d3 Be7 9. Bg5 d6 10. Nd2 O-O 11. Nc4 Be6 12. Bxf6 Bxf6 {0-1 (77) Carlsen,M (2834)-Lenic,L (2662) chess.com INT 2018}) 5... b5 6. Bd5 {B23: Closed Sicilian: Lines without g3} Rb8 7. Nxd4 cxd4 8. Ne2 Nf6 9. Nxd4 e6 {LiveBook: 4 Games} 10. Bb3 Nxe4 11. O-O Be7 $146 ({Predecessor:} 11... Bb7 12. c3 {1-0 (40) Thavandiran,S (2320)-Navalgund,N (2188) Chennai 2011}) 12. c3 Bb7 13. Nf3 O-O 14. d4 Qc7 15. Re1 Rfc8 16. Qd3 Nf6 17. Bg5 h6 18. Bh4 (18. Bxf6 $5 Bxf6 19. Ne5 $11) 18... d6 19. Rad1 Bd5 20. Bxf6 Bc4 21. Bxc4 bxc4 22. Qe2 {[#] Threatens to win with Bxe7.} Bxf6 23. d5 e5 24. Rd2 Qa5 25. a3 Rb5 26. Qe4 Rcc5 27. h3 Qb6 28. Ree2 Qb7 29. Qg4 g6 ({Don't play} 29... Rxd5 $6 30. Rxd5 Rxd5 31. Qxc4 $15) 30. Kh2 Kg7 31. Kg1 (31. a4 $17 {was called for.} Ra5 32. Qe4) 31... Rxd5 $19 32. Qxc4 Rxd2 33. Rxd2 e4 ({Much less strong is} 33... Rxb2 34. Rxd6 Qe7 35. Rd1 $17) 34. Nh2 Rxb2 35. Rxd6 Qa7 36. Ng4 $2 {[#]} (36. Rxf6 Rb1+ 37. Nf1 Kxf6 38. Qxe4) 36... Rb1+ {Black is clearly winning.} 37. Kh2 Qb8 38. Qxa6 Be7 {Precision: White = 42%, Black = 64%.} 0-1

[Event "84th Annual Southwest Open"]
[Site "Irving"]
[Date "2018.08.31"]
[Round "2"]
[White "Gutman, Joshua"]
[Black "Chua, Alexander"]
[Result "0-1"]
[WhiteElo "2031"]
[BlackElo "2332"]
[Annotator "TA"]
[PlyCount "38"]
[EventDate "2018.08.31"]
[EventType "swiss"]
[EventCountry "USA"]
[SourceTitle "playchess.com"]
[Source "ChessBase"]
[SourceQuality "1"]

{[%evp 15,38,18,15,18,17,9,4,-94,-95,-166,-161,-174,-90,-89,-83,-72,-49,-90,-52,-289,-272,-29994,-29995,-29995,-29996]} 1. d4 d5 2. c4 e6 3. Nf3 Nf6 4. g3 Bb4+ 5. Bd2 Bd6 (5... Be7 6. Bg2 O-O 7. O-O Nbd7 8. b4 c6 9. a4 Bd6 10. Qc2 e5 11. cxd5 cxd5 12. dxe5 Nxe5 13. Bc3 Re8 14. Nbd2 Nxf3+ 15. Bxf3 Bh3 {½-½ (58) So,W (2778)-Karjakin,S (2782) Stavanger 2018}) 6. Bg2 {E01: Katalanisch} O-O 7. O-O c6 8. Qc2 Ne4 {LiveBook: 12 Partien} 9. Bc3 Nd7 10. Nfd2 f5 {[%cal Bf7f5,Bf5f4][%mdl 32]} 11. f3 $146 (11. Nxe4 $11 {bleibt in der Remisbreite.} fxe4 12. f3) ({Vorgänger:} 11. Nxe4 fxe4 12. f3 exf3 13. exf3 c5 14. Qe2 Qf6 15. Kh1 cxd4 16. Bxd4 e5 {½-½ (16) Baenziger,F (2343)-Sandalakis,A (2443) Boeblingen 2016}) 11... Nxc3 $17 12. bxc3 {[#]} (12. Qxc3 $17 c5 13. cxd5) 12... f4 $1 $19 {[%cal Rf4g3]} 13. g4 b5 (13... a5 $19 14. a4 b6 15. cxd5 exd5) 14. c5 $17 {[#]} Nxc5 $1 {[%mdl 512]} 15. dxc5 Bxc5+ 16. Kh1 Rf6 {[%cal Bf8f6,Bf6h6,Bh6h2][%mdl 32] ...Th6 ist eine echte Drohung.} 17. e4 $2 ({Lieber} 17. Rd1 $1 $15 Rh6 18. Nf1) 17... Rh6 $19 ({Finger weg von} 17... fxe3 18. Nb3 $17) 18. Nb3 $2 {[#]} (18. Rg1 $19) 18... Rxh2+ $1 {[%mdl 512]} 19. Kxh2 Qh4+ {Precision: Weiß = 22%, Schwarz = 78%.} 0-1

[Event "84th Annual Southwest Open"]
[Site "Irving"]
[Date "2018.09.01"]
[Round "2"]
[White "Kumar, Naman"]
[Black "Findlay, Ian T"]
[Result "0-1"]
[WhiteElo "1914"]
[BlackElo "2263"]
[Annotator "TA"]
[PlyCount "92"]
[EventDate "2018.08.31"]
[EventType "swiss"]
[EventCountry "USA"]
[SourceTitle "playchess.com"]
[Source "ChessBase"]
[SourceQuality "1"]

{[%evp 29,92,48,44,27,27,26,19,18,20,11,29,0,0,-54,-64,-147,-122,-120,-129,-178,-129,-151,-150,-189,-186,-542,-511,-469,-391,-706,-608,-782,-774,-776,-743,-719,-697,-740,-609,-1495,-835,-2016,-1623,-1962,-1774,-29955,-29947,-12831,-5114,-29976,-29977,-29977,-29978,-29978,-29978,-29978,-29979,-29979,-29980,-29980,-29981,-29979,-29980,-29979,-29980]} 1. e4 c5 2. Nf3 d6 3. d4 cxd4 4. Nxd4 Nf6 5. Nc3 g6 6. Be3 Bg7 7. f3 Nc6 8. Qd2 O-O 9. O-O-O d5 10. Qe1 e5 11. Nxc6 bxc6 12. exd5 Nxd5 13. Bc4 Be6 14. Kb1 {B76: Sicilian Dragon: Yugoslav Attack, 9 g4 and 9 0-0-0} Rb8 15. Ne4 Qc7 {LiveBook: 14 Games} 16. Bb3 {White is slightly better.} (16. Bc5 {seems wilder.} Rfd8 17. g4 a5 18. a4 Rb7 19. h4) (16. Bc5 Rfd8 17. g4 h6 18. Bb3 a5 19. Rg1 Rd7 20. h4 Rbd8 21. a4 Nf4 22. Rxd7 Rxd7 23. Bxe6 Nxe6 {½-½ (32) Anand,V (2776)-Nakamura,H (2787) Moscow 2018}) 16... Nxe3 17. Qxe3 Bxb3 18. cxb3 $146 ({Predecessor:} 18. axb3 Rfd8 19. g4 Rd4 20. g5 a5 21. Rhe1 a4 22. bxa4 Qb6 23. Qc3 Rxa4 24. b3 Rba8 25. Qb2 R4a6 26. Rd2 Qa7 {0-1 (26) Walter,S (2220)-Winiarski,M (2295) Warsaw 2017}) 18... Rfd8 19. Qc5 Rd4 20. Rxd4 exd4 21. Rc1 (21. h3 $11) 21... Qxh2 $15 22. Qxa7 (22. Qd6 $1 $15 Be5 23. Qxc6) 22... Rf8 23. Qa6 Qxg2 24. Qd3 Bh6 25. Nf6+ Kh8 26. Qxd4 Qxf3 $40 {[%mdl 128] [#] And now ...Bg7 would win. Black attacks with force.} ({And not} 26... Bxc1 27. Nd7+ f6 28. Nxf8 $15) 27. Qh4 $2 (27. Ne8+ {is more resistant.} f6 28. Re1) 27... Qf5+ 28. Ka1 Qg5 29. Qxg5 $2 (29. Rh1 Qxh4 30. Rxh4) 29... Bxg5 $19 30. Rxc6 Bxf6 31. Rxf6 {[%mdl 4096] Endgame KR-KR} Kg7 32. Rf1 h5 {[%cal Bh7h5,Bh5h4,Bh4h3][%mdl 32]} 33. a4 h4 34. Ka2 g5 35. a5 g4 36. b4 h3 37. Rh1 Rh8 38. a6 h2 39. Rxh2 Rxh2 {KR-K3P. Black mates.} 40. a7 Rh8 41. b5 g3 42. b6 Ra8 43. Kb3 g2 44. b7 Rxa7 45. b8=Q g1=Q 46. Qe5+ f6 {Precision: White = 20%, Black = 76%.} 0-1

[Event "84th Annual Southwest Open"]
[Site "Irving"]
[Date "2018.08.31"]
[Round "2"]
[White "Oberoi, Shelev"]
[Black "Reshef, Omer"]
[Result "0-1"]
[WhiteElo "1896"]
[BlackElo "2497"]
[Annotator "TA"]
[PlyCount "96"]
[EventDate "2018.08.31"]
[EventType "swiss"]
[EventCountry "USA"]
[SourceTitle "playchess.com"]
[Source "ChessBase"]
[SourceQuality "1"]

{[%evp 21,96,0,0,-111,-102,-107,-22,-120,-125,-125,-106,-118,-100,-134,-56,-148,-96,-145,-127,-116,-124,-311,-85,-93,-85,-93,-93,-86,-54,-72,-70,-74,-85,-83,27,26,24,-63,-54,-93,-96,-197,-191,-270,-268,-260,-258,-395,-187,-483,-481,-516,-513,-629,-614,-663,-661,-645,-636,-617,-604,-638,-619,-665,-662,-865,-841,-811,-748,-1283,-1241,-1598,-1573,-1495,-1421,-12839,-12838]} 1. e4 e5 2. Nf3 Nc6 3. Bc4 Bc5 4. O-O Nf6 5. d3 d6 6. c3 O-O 7. a4 a6 8. Bg5 {C54: Giuoco Piano: 4 c3 Nf6, main lines with 5 d4 and 5 d3} (8. Re1 h6 9. h3 Re8 10. Nbd2 Be6 11. b4 Bxc4 12. Nxc4 Ba7 13. Qc2 d5 14. Ne3 Bxe3 15. Bxe3 Qd7 {1-0 (44) Vachier Lagrave,M (2789)-Kramnik,V (2792) Paris 2018}) 8... h6 9. Bh4 g5 10. Nxg5 hxg5 11. Bxg5 Kg7 {LiveBook: 4 Games} 12. Kh1 (12. Qf3 $11) 12... Rh8 $1 $17 13. Qf3 Be6 (13... Kg6 $17 14. b4 Kxg5 15. bxc5 Ng4) 14. Nd2 (14. Bd5 $11) 14... Qe7 $1 15. b4 Ba7 $1 16. Bd5 $146 ({Predecessor:} 16. h3 Bxc4 17. Nxc4 Qe6 18. b5 axb5 19. axb5 Ne7 20. Rfd1 Ng6 21. Be3 Rag8 22. Bg5 {1-0 (22) Gubo,J (1958)-Rivas Maceda,J (1991) LSS email 2014}) 16... Rag8 17. Nc4 Nb8 ({Black should try} 17... Rh7 $1 $17 {Threatens to win with ...Rgh8.} 18. h4 Rgh8) 18. Ne3 ({White should play} 18. Bxb7 $15 Bxc4 19. dxc4) 18... c6 (18... Nbd7 $142 19. Bxb7 Kf8) 19. Bc4 Bxe3 20. fxe3 {[%cal Rg5f6]} Nbd7 21. Rf2 $2 (21. Ra2 $17 {keeps fighting.}) 21... Bxc4 $2 (21... Bg4 $1 $19 {[%cal Rg4f3] and Black stays clearly on top.} 22. Qg3 Kf8 23. Qxg4 Nxg4 24. Bxe7+ Ke8) 22. dxc4 Qe6 23. Raf1 {[%cal Rg5f6]} Ng4 24. Qxf7+ Qxf7 25. Rxf7+ Kg6 26. Rxd7 ({Not} 26. h4 $2 Nb6 $19) 26... Kxg5 27. Rf5+ Kh4 (27... Kh6 $1 $17 28. Rxd6+ Rg6) 28. Rf3 $11 {White wants to play h3.} Kg5 29. Rf5+ (29. h3 $11) 29... Kh6 $1 $15 ({Much worse is} 29... Kh4 $6 30. Rf3 $14) 30. Rf3 {[#] Strongly threatening h3.} Rf8 $1 $36 {[%mdl 2048] Black is on the roll.} 31. Rxd6+ (31. Kg1 $17) 31... Kg5 $19 32. h3 (32. Rd7 {is a better defense.} Rd8 33. Rff7) 32... Rxf3 33. gxf3 Nxe3 {[%mdl 4096] Endgame KRN-KR} 34. Kh2 (34. Kg1 $142) 34... Rh7 (34... Nxc4 $142 35. Rd7 Kf4 36. Rf7+ Ke3 37. Rxb7 Kxf3) 35. c5 $2 {[#]} (35. Kg3 {was worth a try.}) 35... Nc4 $1 {[%cal Rc4d6] Black is clearly winning.} 36. Rd8 Kf4 37. Rf8+ Ke3 38. Kg3 Rg7+ 39. Kh4 Nd2 40. Kh5 Nxf3 41. Kh6 Re7 42. Kg6 Kxe4 43. Rh8 Kd3 44. Kf6 Rc7 45. h4 e4 {[%cal Be5e4,Be4e3,Be3e2][%mdl 32]} 46. h5 e3 47. Rd8+ Kxc3 48. h6 e2 {Precision: White = 17%, Black = 63%.} 0-1